000 00604nam a2200181 i 4500
001 136527
003 ES-MaACL
005 20230906195145.0
007 t|
008 070214s1964 sp r ||||1| spa d
100 1 _aSáenz de Santa María, Carmelo.
_9179684
245 1 3 _aEl licenciado don Francisco Marroquín, primer obispo de Guatemala (1499-1563) :
_bsu vida, sus escritos /
_cCarmelo Sáenz de Santa María.
260 _aMadrid :
_bCultura Hispánica,
_c1964.
300 _a372 p. ;
_c21 cm.
600 1 4 _aMarroquín, Francisco.
_9160121
852 _aES-MaACL
_jC-26757
999 _c136527
_d136527